Statistics for Each State's Least Favorite Thanksgiving Food

Click here to take the quiz!

General Stats

  • This quiz has been taken 23 times
  • The average score is 4 of 7

Answer Stats

StatesDish% Correct
Indiana, New Hampshire, Vermont, UtahTurkey
100%
Arkansas, Delaware, Florida, Mississippi, Missouri, Ohio, Rhode Island, Virginia, WisconsinStuffing/Dressing
81%
Alabama, California, Colorado, Illinois, Iowa, Kansas, Maryland, Massachusetts, Michigan, Minnesota, Montana, New Jersey, New Mexico, New York, Oklahoma, Tennessee, Texas, West VirginiaCranberry Sauce
67%
Connecticut, IdahoPumpkin Pie
57%
NebraskaGravy
48%
Alaska, Dakotas, Georgia, Hawaii, Louisiana, Maine, North Carolina, WashingtonGreen Bean Casserole
43%
Arizona, Kentucky, Nevada, Oregon, Pennsylvania, South Carolina, WyomingSweet Potatoes
38%

Score Distribution

Percentile by Number Answered

Percent of People with Each Score

Your Score History

You have not taken this quiz